Vestavba podkroví
Salvato in:
| Autore principale: | |
|---|---|
| Natura: | Libro |
| Lingua: | ceco |
| Pubblicazione: |
Praha :
Grada,
1999
|
| Edizione: | 1.vyd.-dotlač |
| Tags: |
Nessun Tag, puoi essere il primo ad aggiungerne!!
|
MARC
| LEADER | 00000nam a22000003a 4500 | ||
|---|---|---|---|
| 001 | stu51181 | ||
| 005 | 20150617225705.4 | ||
| 008 | 991202s1999----cr------------------cze-d | ||
| 020 | |a 80-7169-054-6 | ||
| 040 | |a STU |b slo | ||
| 041 | 0 | |a cze | |
| 044 | |a cr | ||
| 080 | |a 643.9 | ||
| 080 | |a 728.1 | ||
| 100 | 1 | |a Hájek, Václav |4 aut | |
| 245 | 1 | |a Vestavba podkroví | |
| 250 | |a 1.vyd.-dotlač | ||
| 260 | |a Praha : |b Grada, |c 1999 | ||
| 300 | |a 100 s.,obr.,tab.,schémy | ||
| 996 | |c V*46427/O-20397 |l VV9 |s P |a 0 |w stu51181_0001 | ||